[Event "WIO (Open)"]
[Site "Boise, ID"]
[Date "2012.12.08"]
[Round "3.5"]
[White "Blake, Lloyd"]
[Black "Roland, Jeffrey T"]
[Result "0-1"]
[WhiteElo "996"]
[BlackElo "1700"]

1. e4 e5 2. Nf3 Nc6 3. c3 d5 4. exd5 Qxd5 5. d3 Bg4 6. Be2 Bd6 7. c4 Qa5+ 8.
Bd2 Qb6 9. Be3 Qxb2 10. Nc3 Qxc3+ 11. Bd2 Qa3 12. O-O Nf6 13. Be3 O-O 14. Qd2
Bb4 15. Qc1 Qxc1 16. Rfxc1 Rad8 17. h3 Bxf3 18. Bxf3 Ba3 19. Rd1 a6 20. Rab1
e4 21. dxe4 b6 22. Bf4 Bd6 23. Bxd6 Rxd6 24. e5 Rxd1+ 25. Rxd1 Nxe5 26. Be2 c5
27. f4 Nc6 28. Rd6 Nd4 29. Bd3 Nh5 30. f5 Nf4 31. Be4 Nfe2+ 32. Kh2 Nc3 33.
Bb7 Nxf5 34. Rxb6 Nxa2 35. Rxa6 Nb4 36. Ra5 g6 37. Rxc5 Nd6 38. Rc7 Nxb7 39.
Rxb7 Nd3 40. Rb5 Rc8 41. Rd5 Nb2 42. c5 Na4 {#R} 0-1

[Event "WIO (Open)"]
[Site "Boise, ID"]
[Date "2012.12.09"]
[Round "4.3"]
[White "Kircher, Caleb Paul"]
[Black "Roland, Jeffrey T"]
[Result "1-0"]
[WhiteElo "1834"]
[BlackElo "1700"]

1. e4 e5 2. Bc4 Nf6 3. Nf3 Nc6 4. O-O Bc5 5. d3 O-O 6. c3 a6 7. Bb3 h6 8. d4
exd4 9. cxd4 Ba7 10. e5 Ne8 11. d5 Nb8 12. Nc3 d6 13. e6 fxe6 14. dxe6 Kh8 15.
Re1 {#r} 1-0

[Event "WIO (Open)"]
[Site "Boise, ID"]
[Date "2012.12.09"]
[Round "5.5"]
[White "Roland, Jeffrey T"]
[Black "Baggett, Jeff M"]
[Result "0-1"]
[WhiteElo "1700"]
[BlackElo "1722"]

1. e4 c5 2. Nf3 e6 3. d4 cxd4 4. Nxd4 a6 5. Nc3 d6 6. Be2 Nf6 7. O-O Be7 8.
Be3 O-O 9. f4 Nbd7 10. Bf3 Qc7 11. Qd2 Rb8 12. Rad1 b5 13. e5 dxe5 14. fxe5
Nxe5 15. Bf4 Bd6 16. Bxe5 Bxe5 17. Nc6 Bxh2+ 18. Kh1 Rb6 19. Ne2 Bb7 20. Ncd4
Ne4 21. Qe3 Ng3+ 22. Nxg3 Qxg3 23. Ne2 Qh4 24. Bxb7 Bg3+ {#R} 0-1

[Event "Idaho Closed"]
[Site "Twin Falls, ID"]
[Date "2013.02.17"]
[Round "2.2"]
[White "Roland, Jeffrey T"]
[Black "Kircher, Caleb Paul"]
[Result "1-0"]
[WhiteElo "1700"]
[BlackElo "1845"]

1. d4 d5 2. Nf3 e6 3. g3 Bd6 4. Bg2 f5 5. Bg5 Nf6 6. e3 Nbd7 7. Nbd2 Qe7 8.
O-O O-O 9. c4 c6 10. Qc2 h6 11. Bf4 Bxf4 12. exf4 Ne4 13. Nxe4 fxe4 14. Ne5
Nxe5 15. fxe5 Bd7 16. Qe2 Rf5 17. f3 exf3 18. Rxf3 Rxf3 19. Bxf3 Be8 20. cxd5
cxd5 21. Rc1 Bc6 22. Qd2 Rf8 23. Bd1 Bb5 24. Bc2 Rf3 25. Bg6 Rf8 26. Bb1 Qg5
27. Qxg5 hxg5 28. Bg6 Bc6 29. Rf1 Be8 30. Bh7+ Kxh7 31. Rxf8 Bc6 32. Rf7 Kg6
33. Re7 Kf5 34. Kf2 Ke4 35. Rxe6 Bb5 36. Rg6 Kxd4 37. Rxg5 Kd3 38. e6 Ke4 39.
e7 {#r} 1-0

[Event "Idaho Closed"]
[Site "Twin Falls, ID"]
[Date "2013.02.17"]
[Round "4.1"]
[White "Roland, Jeffrey T"]
[Black "Parsons, Larry R"]
[Result "1/2-1/2"]
[WhiteElo "1700"]
[BlackElo "2000"]

1. e4 g6 2. d4 d6 3. Nc3 Nf6 4. Nf3 Bg7 5. Be2 c6 6. h3 O-O 7. O-O Nbd7 8. Be3
e5 9. dxe5 dxe5 10. Qd2 Qe7 11. a3 Nc5 12. Bxc5 Qxc5 13. Na4 Qe7 14. Qg5 Re8
15. Nd2 b6 16. Rad1 Bb7 17. Qe3 Nd7 18. Nc3 b5 19. Nb3 a5 {#d} 1/2-1/2

[Event "Idaho Closed"]
[Site "Twin Falls, ID"]
[Date "2013.02.18"]
[Round "5.1"]
[White "Bartell, Fred"]
[Black "Roland, Jeffrey T"]
[Result "1/2-1/2"]
[WhiteElo "1711"]
[BlackElo "1700"]

1. c4 Nf6 2. Nc3 g6 3. e4 d6 4. d4 Bg7 5. Nf3 O-O 6. Be2 Nbd7 7. Bf4 c5 8. d5
Nh5 9. Bd2 Nhf6 10. h3 e5 11. dxe6 fxe6 12. Bf4 e5 13. Bg5 Qb6 14. Qd2 Rf7 15.
Rd1 Bf8 16. O-O Qc6 17. Qe3 Nb6 18. Rd2 Be6 19. Nd5 Bxd5 20. exd5 Qd7 21. Nh2
Bg7 22. b3 Raf8 23. Ng4 Kh8 24. Nh6 Bxh6 25. Bxh6 Re8 26. Bg5 Kg7 27. f3 Nh5
28. Kh2 Nf4 29. Bxf4 exf4 30. Qc3+ Kg8 31. Bd1 Qf5 32. Re2 Rfe7 33. Rxe7 Rxe7
34. Re1 Qg5 35. Rxe7 Qxe7 36. Qa5 Nc8 37. Qd2 Qe5 {#d} 1/2-1/2

[Event "Idaho Closed"]
[Site "Twin Falls, ID"]
[Date "2013.02.18"]
[Round "6.2"]
[White "Roland, Jeffrey T"]
[Black "Gorman, Cody Austin"]
[Result "1/2-1/2"]
[WhiteElo "1700"]
[BlackElo "1712"]

1. g3 d5 2. Bg2 Nf6 3. d4 e6 4. c4 c6 5. Bg5 Nbd7 6. cxd5 exd5 7. Nc3 Be7 8.
Nf3 O-O 9. O-O Re8 10. Qc2 Nf8 11. Ne5 Ne6 12. f4 Nxd4 13. Qd3 Ne6 14. Kh1 Nd7
15. Bxe7 Qxe7 16. Nxd7 Bxd7 17. Rad1 Nc5 18. Qd4 Bf5 19. Rde1 Ne4 20. Nd1 h5
21. Ne3 Nxg3+ 22. hxg3 Qxe3 23. Qxe3 Rxe3 24. Rf3 Rae8 25. Kh2 Bg4 26. Rxe3
Rxe3 27. Bf1 a5 28. Kg2 f6 29. Kf2 d4 30. Rc1 Re7 31. Rc5 Rc7 32. Rxa5 Rd7 33.
Rc5 g6 34. a4 Kf7 35. a5 Ke6 36. b4 Bf5 37. Bg2 d3 38. exd3 Bxd3 39. Ke3 Bf5
40. Rc3 Rd1 41. a6 bxa6 42. Bxc6 Rb1 43. Bb7 Rxb4 44. Bxa6 Kd5 45. Ra3 Re4+
46. Kf2 Re7 47. Ra5+ Kd6 48. Bc4 Rc7 49. Rd5+ Ke7 50. Rd4 Rd7 51. Rxd7+ Bxd7
52. Bd3 f5 53. Kg2 Kf6 54. Be2 Be8 55. Kh3 g5 56. fxg5+ Kxg5 57. Bf3 Bd7 58.
Kg2 Bb5 59. Kf2 Bd3 60. Bd1 Be4 61. Be2 Bd5 62. Kg1 Bf7 63. Kh2 h4 64. gxh4+
Kxh4 65. Kg2 Bh5 66. Bxh5 Kxh5 67. Kf3 Kg5 68. Kg3 f4+ 69. Kf3 Kf5 70. Kf2 Kg4
71. Kg2 f3+ 72. Kf2 Kf4 73. Kf1 Ke3 74. Ke1 Ke4 75. Kf1 Ke3 76. Ke1 f2+ 77.
Kf1 Kf3 {(Stalemate)} {#d} 1/2-1/2

[Event "MVCC Ch (Championship)"]
[Site "Twin Falls, Idaho"]
[Date "2013.03.23"]
[Round "1.4"]
[White "Roland, Jeffrey T"]
[Black "Vereshchagin, Aleksandr"]
[Result "1-0"]
[WhiteElo "1690"]
[BlackElo "1426"]

1. d4 Nf6 2. c4 e6 3. Nf3 c6 4. Nc3 d5 5. e3 Bb4 6. Bd2 Nbd7 7. Be2 Ne4 8.
Nxe4 dxe4 9. Bxb4 exf3 10. Bxf3 Qg5 11. O-O h5 12. Bd2 Qg6 13. e4 h4 14. Re1
O-O 15. Bh5 Qh7 16. Re3 Nf6 17. Be2 Nxe4 18. Bd3 f5 19. Bxe4 fxe4 20. Qg4 Qf5
21. Qxh4 e5 22. Rxe4 exd4 23. Rf4 Qc2 24. Rxf8+ Kxf8 25. Qxd4 Bf5 26. Bc3 Ke8
27. Re1+ Be6 28. Rxe6+ Kf7 29. Qd7+ Kg8 30. Qxg7# 1-0

[Event "MVCC Ch (Championship)"]
[Site "Twin Falls, Idaho"]
[Date "2013.03.23"]
[Round "2.1"]
[White "Bartell, Fred"]
[Black "Roland, Jeffrey T"]
[Result "0-1"]
[WhiteElo "1772"]
[BlackElo "1690"]

1. c4 Nf6 2. Nc3 e6 3. e4 c5 4. Nf3 Nc6 5. b3 d6 6. Bb2 Be7 7. Be2 O-O 8. d4
cxd4 9. Nxd4 Bd7 10. O-O a6 11. Bf3 Qc7 12. Nxc6 Bxc6 13. a4 Rfd8 14. Qe2 Qb6
15. Qc2 Rac8 16. a5 Qc7 17. Rfe1 d5 18. e5 Ne8 19. cxd5 Bxd5 20. Bxd5 exd5 21.
Qd2 Bb4 22. Rac1 Qxa5 23. e6 f6 24. Qd4 Bc5 25. Qg4 Be7 26. Qa4 Qxa4 27. Nxa4
Rc6 28. Rcd1 Nc7 29. f4 Rxe6 30. Rxe6 Nxe6 31. Re1 Kf7 32. g3 b5 33. Nc3 Nd4
34. Ra1 Nxb3 35. Rxa6 Bc5+ 36. Kf1 Nd2+ 37. Ke2 Nc4 38. Bc1 b4 39. Na4 Bg1 40.
h4 Re8+ 41. Kf1 Bd4 42. Nb2 Nxb2 {#R} 0-1

[Event "MVCC Ch (Championship)"]
[Site "Twin Falls, Idaho"]
[Date "2013.03.23"]
[Round "3.1"]
[White "Roland, Jeffrey T"]
[Black "Imamovic, Nedzad"]
[Result "0-1"]
[WhiteElo "1690"]
[BlackElo "1707"]

1. d4 d5 2. c4 dxc4 3. e3 Nf6 4. Bxc4 e6 5. Nf3 Be7 6. O-O O-O 7. Nc3 a6 8.
Qe2 b5 9. Bd3 Bb7 10. a3 Nbd7 11. Rd1 Nd5 12. Bd2 c5 13. Nxd5 exd5 14. dxc5
Nxc5 15. Bc3 Bf6 16. Bb4 Rc8 17. Bf5 Rc6 18. Nd4 Bxd4 19. exd4 Re8 20. Qf3 Ne4
21. Rac1 Rf6 22. Qg4 Nxf2 23. Bxh7+ Kxh7 24. Qh4+ Kg8 25. Rf1 Re4 26. Qg3 Rg4
27. Qc7 Qxc7 {#R} 0-1

[Event "m-26 vs. F. Niro"]
[Site "Boise, ID"]
[Date "2013.04.04"]
[Round "1"]
[White "Roland, Jeffrey T"]
[Black "Niro III, Frank A"]
[Result "1-0"]
[WhiteElo "1724"]
[BlackElo "1700"]
[EventRounds "12"]
[EventCountry "USA"]

1. e4 c5 2. Nc3 Nc6 3. g3 e6 4. Bg2 Nf6 5. d3 a6 6. f4 d5 7. Nh3 d4 8. e5 dxc3
9. exf6 Qxf6 10. bxc3 Qxc3+ 11. Bd2 Qd4 12. Ng5 Bd7 13. Nf3 Qa4 14. c3 Qxd1+
15. Rxd1 g6 16. Ne5 Nxe5 17. fxe5 Rb8 18. O-O Ba4 19. Rb1 Bc2 20. Rb2 Ba4 21.
Rxb7 Rxb7 22. Bxb7 a5 23. c4 Bg7 24. Re1 O-O 25. Bxa5 Bc2 26. Bc7 Bxd3 27. Bd6
Rd8 28. Rc1 Bf8 29. Bxf8 Rxf8 30. Bc6 Rc8 31. Bb5 Be4 32. a4 Rd8 33. Re1 Ba8
34. Re2 Rd3 35. Kf2 Kg7 36. Ra2 Kh6 37. Ke2 Rd4 38. Ra3 Kg5 39. h3 Kf5 40. Re3
Re4 41. Rxe4 Kxe4 42. Be8 Kxe5 43. Bxf7 Bc6 44. a5 Bb7 45. Kd3 Bc8 46. Be8 Bb7
47. Bf7 Bc6 48. a6 Kf6 49. Bg8 h5 50. a7 Ba8 51. Ke3 Ke7 52. Kf4 Kf6 53. h4
Bb7 54. Ke3 Kf5 55. Bf7 Bc6 56. Be8 Ba8 57. Ba4 e5 58. Bc2+ e4 59. Ba4 Ke5 60.
Be8 Kf5 61. Bf7 {#r} 1-0

[Event "m-26 vs. F. Niro"]
[Site "Boise, ID"]
[Date "2013.04.11"]
[Round "2"]
[White "Niro III, Frank A"]
[Black "Roland, Jeffrey T"]
[Result "1/2-1/2"]
[WhiteElo "1700"]
[BlackElo "1724"]
[EventRounds "12"]
[EventCountry "USA"]

1. e4 e6 2. d4 d5 3. Nc3 dxe4 4. Nxe4 Nd7 5. c4 Ngf6 6. Nxf6+ Nxf6 7. Nf3 Be7
8. Bd3 c5 9. Be3 cxd4 10. Bxd4 O-O 11. O-O Kh8 12. Rc1 b6 13. Bb1 Bc5 14. Be5
Qxd1 15. Rcxd1 Bb7 16. Bxf6 gxf6 17. Nh4 Rad8 18. a3 a5 19. Bc2 Rg8 20. Rxd8
Rxd8 21. Rd1 Rd4 22. Rxd4 Bxd4 23. b3 f5 24. a4 Bf6 25. g3 Kg7 26. Ng2 Bxg2
27. Kxg2 h6 28. f4 Kf8 29. Kf3 Kg7 30. h3 Bc3 31. g4 fxg4+ 32. hxg4 Kf6 33.
Ke4 Ke7 34. Kd3 Bb4 35. Ke4 f6 36. f5 Kd6 37. fxe6 Kxe6 38. Bd1 Bd2 39. Kd4
Kd6 40. Bf3 Bg5 41. Be4 Bc1 42. Bf5 Bb2+ {#d} 1/2-1/2

[Event "m-26 vs. F. Niro"]
[Site "Boise, ID"]
[Date "2013.04.18"]
[Round "3"]
[White "Roland, Jeffrey T"]
[Black "Niro III, Frank A"]
[Result "0-1"]
[WhiteElo "1724"]
[BlackElo "1700"]
[EventRounds "12"]
[EventCountry "USA"]

{Played in Meridian, ID} 1. d4 f5 2. g3 Nf6 3. Bg2 g6 4. Nh3 Bg7 5. Nf4 d6 6.
O-O c6 7. c4 O-O 8. Nc3 e5 9. dxe5 dxe5 10. Qxd8 Rxd8 11. Nd3 Nh5 12. Bg5 Re8
13. e4 f4 14. gxf4 h6 15. Bh4 Nxf4 16. Nxf4 exf4 17. f3 Bxc3 18. bxc3 Be6 19.
Rfb1 b6 20. Bf1 c5 21. Rd1 g5 22. Bf2 Nd7 23. a4 Ne5 24. Be2 Rad8 25. a5 Bxc4
26. Bxc4+ Nxc4 27. axb6 axb6 28. Rxd8 Rxd8 29. Be1 Rd3 {#R} 0-1

[Event "m-26 vs. F. Niro"]
[Site "Boise, ID"]
[Date "2013.04.25"]
[Round "4"]
[White "Niro III, Frank A"]
[Black "Roland, Jeffrey T"]
[Result "1/2-1/2"]
[WhiteElo "1700"]
[BlackElo "1700"]
[EventRounds "12"]
[EventCountry "USA"]

{Played in Meridian, ID} 1. e4 e6 2. d4 d5 3. Nc3 dxe4 4. Nxe4 Nd7 5. Nf3 Ngf6
6. Nxf6+ Nxf6 7. Bd3 Be7 8. O-O O-O 9. c4 c5 10. Re1 cxd4 11. Nxd4 Bd7 {#d}
1/2-1/2

[Event "m-26 vs. F. Niro"]
[Site "Boise, ID"]
[Date "2013.05.23"]
[Round "5"]
[White "Roland, Jeffrey T"]
[Black "Niro III, Frank A"]
[Result "1-0"]
[WhiteElo "1701"]
[BlackElo "1700"]
[EventRounds "12"]
[EventCountry "USA"]

{Played in Nampa, ID} 1. e4 c6 2. d4 d5 3. exd5 cxd5 4. c4 Nf6 5. Nc3 e6 6.
Bg5 Qa5 7. Bd2 dxc4 8. Bxc4 Qb6 9. Nf3 Bd7 10. O-O Bd6 11. Qe2 O-O 12. Rfe1
Bc6 13. Ne5 Qxd4 14. Nxf7 Kxf7 15. Qxe6+ Kg6 16. Be3 Bd7 17. Bxd4 Bxe6 18.
Rxe6 Bb4 19. Nd5 Nc6 20. Rxc6 bxc6 21. Nxb4 c5 22. Bxc5 Rfc8 23. Na6 Nd7 24.
Bd3+ Kf7 25. Be4 {#r} 1-0

[Event "m-26 vs. F. Niro"]
[Site "Boise, ID"]
[Date "2013.05.30"]
[Round "6"]
[White "Niro III, Frank A"]
[Black "Roland, Jeffrey T"]
[Result "1/2-1/2"]
[WhiteElo "1700"]
[BlackElo "1701"]
[EventRounds "12"]
[EventCountry "USA"]

{Played in Eagle, ID} 1. e4 e5 2. Nf3 Nc6 3. Nc3 Nf6 4. Bb5 d6 5. d4 exd4 6.
Nxd4 Bd7 7. Nxc6 Bxc6 8. Bxc6+ bxc6 9. O-O Be7 10. Be3 O-O 11. f3 Qd7 {#d}
1/2-1/2

[Event "m-26 vs. F. Niro"]
[Site "Boise, ID"]
[Date "2013.06.06"]
[Round "7"]
[White "Roland, Jeffrey T"]
[Black "Niro III, Frank A"]
[Result "0-1"]
[WhiteElo "1730"]
[BlackElo "1700"]
[EventRounds "12"]
[EventCountry "USA"]

{Played in Eagle, ID} 1. d4 c6 2. c4 d5 3. Nf3 e6 4. e3 Nf6 5. Nc3 Bb4 6. Bd2
O-O 7. Bd3 dxc4 8. Bxc4 b6 9. O-O Ba6 10. Bxa6 Nxa6 11. Qa4 Qc8 12. Rac1 Bxc3
13. Bxc3 Nd5 14. Bd2 Nb8 15. Ne5 b5 16. Qc2 Qa6 17. e4 Nf6 18. Bg5 Rc8 19.
Bxf6 gxf6 20. Ng4 Nd7 21. Qd2 Kf8 22. Rfe1 Qb6 23. e5 fxe5 24. dxe5 Qd8 25.
Red1 Qh4 26. Qd6+ Kg7 27. Ne3 Nb8 28. Rd4 Qh6 29. Qe7 c5 30. Rh4 Nc6 31. Rg4+
Kh8 32. Qd6 c4 33. Re1 Qf8 34. Qd1 Nxe5 35. Rg3 Rd8 36. Qh5 f5 37. f4 Nd3 38.
Rh3 Qg7 39. Rg3 Qxb2 40. Nd1 Qd4+ {#R} 0-1

[Event "m-26 vs. F. Niro"]
[Site "Boise, ID"]
[Date "2013.06.09"]
[Round "8"]
[White "Niro III, Frank A"]
[Black "Roland, Jeffrey T"]
[Result "1-0"]
[WhiteElo "1700"]
[BlackElo "1730"]
[EventRounds "12"]
[EventCountry "USA"]

{Played in Nampa, ID} 1. e4 e5 2. Nf3 Nc6 3. Bb5 a6 4. Bxc6 dxc6 5. Nc3 Bd6 6.
d4 exd4 7. Qxd4 f6 8. Be3 Ne7 9. O-O-O Be6 10. Nh4 O-O 11. f4 c5 12. Qd3 Nc6
13. Nd5 Ne7 14. Nb6 Rb8 15. Nc4 Nc8 16. Nxd6 cxd6 17. Bxc5 Qa5 18. Bxd6 Nxd6
19. Qxd6 Bxa2 20. Nf5 Bf7 21. Qa3 Qc7 22. g3 Rfe8 23. Rd4 Rbc8 24. c3 g6 25.
Nd6 Red8 26. Rhd1 Rb8 27. Nxf7 Kxf7 28. Rxd8 Rxd8 29. Rxd8 {#r} 1-0

[Event "m-26 vs. F. Niro"]
[Site "Boise, ID"]
[Date "2013.07.25"]
[Round "11"]
[White "Roland, Jeffrey T"]
[Black "Niro III, Frank A"]
[Result "1-0"]
[WhiteElo "1731"]
[BlackElo "1700"]
[EventRounds "12"]
[EventCountry "USA"]

{Played on stage at the SPFGI just before the 6th round of that event started,
in St. Louis, MO.} 1. e4 c5 2. Nf3 d6 3. d4 cxd4 4. Nxd4 Nf6 5. Nc3 a6 6. Be2
e6 7. O-O Nbd7 8. Be3 Qc7 9. f3 e5 10. Nb3 Nb6 {Black now resigned.} {#r} 1-0

[Event "m-26 vs. F. Niro"]
[Site "Boise, ID"]
[Date "2013.08.02"]
[Round "12"]
[White "Niro III, Frank A"]
[Black "Roland, Jeffrey T"]
[Result "1-0"]
[WhiteElo "1731"]
[BlackElo "1700"]
[EventRounds "12"]
[EventCountry "USA"]

{Played on Board 808 in an empty hall of 808 Boards at the U.S. Open in
Middleton, WI.} 1. g3 d5 2. f4 g6 3. Nf3 c5 4. Bg2 Nc6 5. d3 Bg7 6. c3 Nf6 7.
O-O O-O 8. Qc2 Qb6 9. Kh1 Nd7 10. e4 dxe4 11. dxe4 Nf6 12. Na3 a6 13. Nh4 Nh5
14. f5 Ne5 15. Be3 Qc7 16. Qe2 Bd7 17. Rad1 Bc6 18. g4 Nf6 19. g5 Nxe4 20. Bf4
gxf5 21. Nxf5 {#r} 1-0

[Event "Meridian Invitational"]
[Site "Meridian, ID"]
[Date "2013.04.20"]
[Round "2"]
[White "Lang, Jamie"]
[Black "Roland, Jeffrey T"]
[Result "0-1"]
[WhiteElo "1350"]
[BlackElo "1701"]
[EventRounds "4"]
[EventCountry "USA"]

{Game/30; d5} 1. e4 e5 2. Nf3 Nc6 3. Bb5 a6 4. Ba4 Nf6 5. Nc3 b5 6. Bb3 d6 7.
O-O Na5 8. d3 Be7 9. Be3 O-O 10. Nd5 Nxb3 11. Nxe7+ Qxe7 12. axb3 h6 13. h3
Ne8 14. Qd2 f5 15. exf5 Bxf5 16. Rfe1 Bxh3 17. Bxh6 Bxg2 18. Kxg2 Qf6 19. Nxe5
dxe5 20. Bg5 Qf3+ 21. Kg1 Rf5 22. Bh4 Rh5 23. Re3 Qg4+ 24. Bg3 Qh3 25. f4 Qh1+
26. Kf2 Qxa1 27. Re1 Qxb2 28. fxe5 Qd4+ 29. Qe3 Rf5+ 30. Kg2 Qxe3 31. Rxe3 g5
32. e6 c5 33. e7 Kf7 34. Rf3 Rxf3 35. Kxf3 Kxe7 36. Be5 Ke6 {#R} 0-1

[Event "MH Spring Chess Tourny"]
[Site "Mountain Home, ID"]
[Date "2013.05.04"]
[Round "1.2"]
[White "Roland, Jeffrey T"]
[Black "Arnold, Nathaniel"]
[Result "1-0"]
[WhiteElo "1647"]
[BlackElo "1000"]

1. e4 e5 2. Nf3 Be7 3. Nxe5 Bd6 4. Nf3 f5 5. exf5 Bf4 6. g3 Nh6 7. gxf4 Nxf5
8. Qe2+ Kf7 9. Ne5+ Kf6 10. Qh5 g6 11. Qg5+ Kg7 12. Rg1 h6 13. Qxg6+ Kf8 14.
Qf7# 1-0

[Event "MH Spring Chess Tourny"]
[Site "Mountain Home, ID"]
[Date "2013.05.04"]
[Round "2.2"]
[White "Anthony, Marcus"]
[Black "Roland, Jeffrey T"]
[Result "0-1"]
[WhiteElo "1000"]
[BlackElo "1647"]

1. d4 Nf6 2. Nf3 g6 3. Nc3 d5 4. Bf4 Bg7 5. e3 O-O 6. h4 Nh5 7. Be5 f6 8. b3
fxe5 9. Nxe5 c6 10. e4 Qa5 11. Qd2 Bxe5 12. dxe5 Rd8 13. O-O-O Be6 14. g3 d4
15. Bc4 Bxc4 16. bxc4 Na6 17. e6 dxc3 18. Qe2 Qa3+ 19. Kb1 Qb2# 0-1

[Event "Idaho Open (Open)"]
[Site "Pocatello, ID"]
[Date "2013.05.18"]
[Round "2.4"]
[White "Roland, Jeffrey T"]
[Black "Hughes, Craig Mark"]
[Result "1-0"]
[WhiteElo "1701"]
[BlackElo "1647"]

1. e4 d6 2. d4 Nf6 3. Nc3 Nbd7 4. Nf3 e5 5. Bc4 Be7 6. O-O exd4 7. Nxd4 Ne5 8.
Be2 Bd7 9. f4 Nc6 10. Be3 Nxd4 11. Bxd4 Bc6 12. e5 Ne4 13. Bf3 dxe5 14. fxe5
Nxc3 15. bxc3 Bd5 16. e6 Bxe6 17. Bxb7 Rb8 18. Bc6+ Kf8 19. Qe2 Kg8 20. Bxa7
Rb2 21. Rfb1 Rxb1+ 22. Rxb1 Qd6 23. Rb8+ Bf8 24. Bf3 f6 25. c4 g6 26. Qxe6+
Qxe6 27. Bd5 Qxd5 28. cxd5 Kg7 29. Kf1 Bd6 30. Rxh8 Kxh8 31. h3 Kg7 32. c4 Be5
33. Ke2 Kf7 34. Kd3 Ke8 35. Bd4 Bxd4 36. Kxd4 Kd7 37. a4 h5 38. a5 g5 39. Ke4
g4 40. hxg4 hxg4 41. g3 Kc8 42. Kf5 Kb7 43. Kxf6 Ka6 44. c5 Kxa5 45. d6 cxd6
46. cxd6 Kb6 47. Ke7 {(Time Forfeit)} {#r} 1-0

[Event "Idaho Open (Open)"]
[Site "Pocatello, ID"]
[Date "2013.05.18"]
[Round "3.2"]
[White "Roland, Jeffrey T"]
[Black "Morrow, Hans M"]
[Result "0-1"]
[WhiteElo "1701"]
[BlackElo "1900"]

1. d4 Nf6 2. c4 e6 3. Nf3 c5 4. d5 exd5 5. cxd5 d6 6. Nc3 Nbd7 7. e4 a6 8. Bd3
Ne5 9. Nxe5 dxe5 10. O-O Bd6 11. f4 Qc7 12. f5 Bd7 13. Qf3 O-O-O 14. Be3 Rdg8
15. Rac1 Kb8 16. b3 h5 17. Nd1 Ng4 18. h3 Nxe3 19. Nxe3 b5 20. a4 g5 21. axb5
axb5 22. Qe2 Qb6 23. Kh1 g4 24. Rg1 Kb7 25. Rb1 Kc7 26. Rgc1 gxh3 27. gxh3 Rg3
28. b4 c4 29. Nxc4 bxc4 30. Rxc4+ Kd8 31. Rc6 Bxc6 32. dxc6 Rhg8 {#R} 0-1

[Event "Idaho Open (Open)"]
[Site "Pocatello, ID"]
[Date "2013.05.19"]
[Round "4.4"]
[White "Hon, Eric"]
[Black "Roland, Jeffrey T"]
[Result "1-0"]
[WhiteElo "1701"]
[BlackElo "1681"]

1. e4 e5 2. Nf3 Nc6 3. d4 exd4 4. Bc4 Nf6 5. e5 d5 6. exf6 dxc4 7. Qe2+ Be6 8.
fxg7 Bxg7 9. Ng5 Qf6 10. O-O O-O-O 11. Rd1 Bf5 12. Qxc4 Ne5 13. Qc5 b6 14. Qa3
Bxc2 15. Rd2 Nc4 16. Qa6+ Kb8 17. Qxc4 Bxb1 18. Nxf7 Rde8 19. Rd1 Bc2 20. Bg5
Qf5 21. Re1 Rhf8 22. Rxe8+ Rxe8 23. Qc6 Rf8 24. Re1 Qxf7 25. Qxc2 d3 26. Qd2
Qxa2 27. Qxd3 Qxb2 28. f3 Qd4+ 29. Qxd4 Bxd4+ 30. Kf1 Rf7 31. Ke2 Rg7 32. h4
h6 33. Bxh6 Rxg2+ 34. Kd3 Rg6 35. Bg5 Rd6 36. Kc4 Bf2 37. Rf1 Bc5 38. f4 Rd4+
39. Kc3 Re4 40. f5 Rg4 41. f6 a5 42. f7 Bf8 43. Re1 Bb4+ 44. Kd3 Kb7 45. Re8
Rg3+ 46. Ke2 Bc5 47. f8=Q Rg2+ 48. Ke1 Bxf8 49. Rxf8 Kc6 50. Kf1 Rh2 51. Kg1
Rc2 52. h5 Rc5 53. Rg8 a4 54. h6 {#r} 1-0

[Event "ICA PM (Open)"]
[Site "Boise, ID"]
[Date "2013.09.21"]
[Round "1.2"]
[White "Lundy III, George W"]
[Black "Roland, Jeffrey T"]
[Result "1-0"]
[WhiteElo "1584"]
[BlackElo "1702"]
[EventRounds "5"]
[EventCountry "USA"]

1. g3 g6 2. Bg2 Bg7 3. c4 c5 4. Qb3 Nc6 5. Bxc6 bxc6 6. Nf3 d6 7. Nc3 Nf6 8.
d3 O-O 9. O-O Bh3 10. Re1 Rb8 11. Qc2 h6 12. Bd2 Bg4 13. Kg2 Qd7 14. Ng1 d5
15. b3 dxc4 16. bxc4 Rfd8 17. Rab1 e5 18. f3 Be6 19. Rxb8 Rxb8 20. Rb1 Rxb1
21. Nxb1 Ne8 22. Be3 Qe7 23. Nd2 f5 24. Qa4 Bf8 25. Qxc6 Qf7 26. Bxc5 Bd7 27.
Qa6 Bxc5 28. Nb3 Be3 29. c5 Be6 30. Qb5 Nc7 31. Qb8+ Kh7 32. Qxa7 Nb5 33. Qb8
Bxg1 34. Qxb5 Bxc5 35. Qxc5 Qf6 36. Qc7+ Bf7 37. Nc5 e4 38. dxe4 fxe4 39. Nxe4
Qe6 40. a4 {#r} 1-0

[Event "ICA PM (Open)"]
[Site "Boise, ID"]
[Date "2013.09.21"]
[Round "3.3"]
[White "Buus, Jarod"]
[Black "Roland, Jeffrey T"]
[Result "0-1"]
[WhiteElo "1201"]
[BlackElo "1701"]
[EventRounds "5"]
[EventCountry "USA"]

1. e4 e6 2. d4 d5 3. e5 c5 4. c3 Nc6 5. Nf3 Qb6 6. a3 Bd7 7. b4 c4 8. Be2 Be7
9. Nbd2 Nh6 10. Nf1 Nf5 11. Ng3 Nh4 12. Nxh4 Bxh4 13. O-O O-O 14. Nh5 Be7 15.
Bh6 gxh6 16. Bxc4 Kh8 17. Bd3 f6 18. exf6 Bxf6 19. Qc2 Rac8 20. Bxh7 Nxd4 21.
Qg6 Nf5 22. Nxf6 Be8 23. Nxe8 Rcxe8 24. g4 Qc7 25. gxf5 Qxh7 26. Qxh7+ Kxh7
27. fxe6 Rxe6 28. Rfe1 Rfe8 29. Rxe6 Rxe6 30. Rd1 Re5 31. Kg2 Kg6 32. f4 Re2+
33. Kf3 Rxh2 34. Rxd5 Rh3+ 35. Ke4 Rxc3 36. f5+ Kg5 37. Ra5 a6 38. Ke5 Rc6 39.
Rd5 Rf6 40. Ke4 h5 41. b5 h4 42. bxa6 bxa6 43. a4 h3 44. Kf3 Rxf5+ 45. Rxf5+
Kxf5 {#R} 0-1

[Event "ICA PM (Open)"]
[Site "Boise, ID"]
[Date "2013.09.22"]
[Round "4.3"]
[White "Roland, Jeffrey T"]
[Black "Gorman, Cody"]
[Result "1-0"]
[WhiteElo "1701"]
[BlackElo "1657"]
[EventRounds "5"]
[EventCountry "USA"]

1. e4 b6 2. d4 Bb7 3. Nc3 e6 4. Nf3 Bb4 5. Bd3 Nf6 6. Bg5 h6 7. Bxf6 Qxf6 8.
O-O Bxc3 9. bxc3 d6 10. Qd2 e5 11. Rad1 O-O 12. Qe3 Nc6 13. d5 Ne7 14. Nd2 g5
15. Be2 Ng6 16. g3 Qg7 17. Bh5 f5 18. exf5 Rxf5 19. Qd3 Raf8 20. Bg4 e4 21.
Nxe4 Ne5 22. Qe2 Nxg4 23. Qxg4 Qe5 24. c4 Qb2 25. Qh5 Qxc2 26. Qg6+ Kh8 27.
Qxh6+ Kg8 28. Qg6+ Kh8 29. Nxg5 Rxf2 30. Qxc2 Rxc2 31. Rxf8+ Kg7 32. Ne6+ Kg6
33. Rd4 Rc1+ 34. Kf2 Rc2+ 35. Ke3 Rxa2 36. Rg4+ Kh7 37. Rg7+ Kh6 38. Rh8# 1-0

[Event "ICA PM (Open)"]
[Site "Boise, ID"]
[Date "2013.09.22"]
[Round "5.1"]
[White "Hughes, Charles"]
[Black "Roland, Jeffrey T"]
[Result "0-1"]
[WhiteElo "1701"]
[BlackElo "1701"]
[EventRounds "5"]
[EventCountry "USA"]

1. c4 e5 2. Nc3 Nf6 3. d3 Bb4 4. Bd2 O-O 5. g3 Re8 6. Bg2 c6 7. a3 Bxc3 8.
Bxc3 d5 9. cxd5 cxd5 10. Nh3 Nc6 11. O-O h6 12. b4 d4 13. Bb2 Nd5 14. Rc1 Be6
15. Qd2 Qd7 16. Rc5 b6 17. Rxd5 Bxd5 18. Bxd5 Qxd5 19. f3 Rac8 20. Nf2 Rc7 21.
Ne4 Rec8 22. Bc1 Qe6 23. f4 f5 {#R} 0-1